以色列历任总理(Prime Ministers of Israel) - Statistics

General Stats
  • This quiz has been taken 9 times
    8 since last reset
  • The average score is 6 of 20
Answer Stats
任职时间 描述 % Correct
2022至今 内塔尼亚胡
100%
2009-2021 内塔尼亚胡
86%
1969-1974 梅厄夫人
71%
1948-1954 本-古里安
57%
1992-1995 拉宾
57%
2001-2006 沙龙
43%
1974-1977 拉宾
29%
1996-1999 内塔尼亚胡
29%
1954-1955 夏里特
14%
1955-1963 本-古里安
14%
1963-1969 艾希科尔
14%
1977-1983 贝京
14%
1983-1984 沙米尔
14%
1984-1986 佩雷斯
14%
1986-1992 沙米尔
14%
1995-1996 佩雷斯
14%
1999-2001 巴拉克
14%
2006-2009 奥尔默特
14%
2021-2022 贝内特
14%
2022-2022 拉皮德
14%
No matching quizzes found
Score Distribution
Percent of People with Each Score
Percentile by Number Answered
Your Score History
You have not taken this quiz since the last reset